000 00573nam a22002177a 4500
003 OSt
005 20160408235217.0
008 160408b xxu||||| |||| 00| 0 eng d
020 _a9780521873628
040 _cDDC
082 _a530 STA 2008
100 _aStacey, Frank D; Davis Paul M.
_97713
245 _aPhysics of The Earth
250 _a4th ed.
260 _aCambridge University Press, 2008
300 _axi,532p; ill: 26cm
504 _aAppendix, references, & index included
650 _aPhysics
_9809
650 _aThe Earth
_97714
942 _2ddc
_cO_SHELF
999 _c3449
_d3449